| 000 | 00880nam a2200229 a 4500 | ||
|---|---|---|---|
| 001 | 56040 | ||
| 003 | BD-RjUL | ||
| 005 | 20211209080339.0 | ||
| 008 | 161124s1986 ii ||||| |||| 00| 0 ben d | ||
| 020 | _c: IRs 12.00 | ||
| 035 | _a(BD-RjUL)56164 | ||
| 040 |
_aBD-RjUL _bben _cBD-RjUL |
||
| 041 | _a ben | ||
| 082 |
_223 _a915 _bMUF 1986 |
||
| 100 |
_aমুখোপাধ্যায়,শ্রীকৃষ্ণচৈতন্য _9166818 |
||
| 245 | 1 | 0 |
_aফা-হিয়েনের দেখা ভারত / _cশ্রীকৃষ্ণচৈতন্য মুখোপাধ্যায় |
| 260 |
_aকলিকাতা : _bফার্মা কে এল এম, _c১৯৬৫ |
||
| 300 |
_a৮৩ পৃ. ; _c২১ সেমি . |
||
| 650 |
_aTravel In Asia _9166819 |
||
| 650 |
_aএশিয়া ভ্রমণ _9166820 |
||
| 942 |
_2ddc _cBK |
||
| 999 |
_c56040 _d56040 |
||